00573nam a2200193Ia 4500008004100000020001800041082001600059100001800075245002500093250000700118260001900125300002900144500000700173600003300180650001500213942000700228952012700235999001700362240925s9999 xx 000 0 und d a9780571221837 a823.914 ASL aAslam, Nadeem 0aMaps for Lost Lovers aNA aNAbNAc,2004. axxi,682p.bN.AfOriginal aNA aHumanities & Natural Science aLiterature cBK 001040708HUMaUITUbUITUd2010-09-24eLiberty Booksg795.00l0o823.914 ASLpQ8434r2024-09-25 07:14:57w2024-09-25yBK c10933d10933